000 00514nam a2200193Ia 4500
005 20250428190330.0
008 210303s9999 xx 000 0 und d
016 _2reto2022b
040 _aNLN
_bEnglish
050 _aPQ2613.I57
_bN763
082 _a848.91
100 _aGIONO, Jean
_eaut
_961457
245 0 _aNoe chroniques /
_cJean Giono
260 _aParis :
_bGillimard,
_c1961
300 _a[?]p.
_b[?]cm.
563 _a(pbk)
650 _a Giono, Jean
_vCriticism and interpretation
_964575
942 _cBK
999 _c22784
_d22784